Súčasný limnologický výskum tatranských jazier

Globálne zmeny klímy a závažné ekologické a sociálno-ekonomické dôsledky klimatických zmien v súčasnosti. Dopady klimatických zmien a poznatky o vývoji jazier a povodí.

Salvato in:
Dettagli Bibliografici
Autore principale: Bitušík, Peter
Natura: Capitolo di libro
Lingua:slovacco
Soggetti:
Tags: Aggiungi Tag
Nessun Tag, puoi essere il primo ad aggiungerne!!

MARC

LEADER 00000naa a2200000 4500
001 0182813
005 20231208081101.7
041 0 |a slo 
044 |a SK 
245 1 0 |a Súčasný limnologický výskum tatranských jazier  |c Peter Bitušík 
520 |a Globálne zmeny klímy a závažné ekologické a sociálno-ekonomické dôsledky klimatických zmien v súčasnosti. Dopady klimatických zmien a poznatky o vývoji jazier a povodí. 
610 2 0 |a voda 
610 2 0 |a ochrana vody 
610 2 0 |a zmeny klimatické 
610 2 0 |a diverzita biologická 
610 2 0 |a ekológia krajiny 
610 2 0 |a ochrana prostredia životného 
100 1 |a Bitušík, Peter